Union Territories of India - Statistics

General Stats
  • This quiz has been taken 1,116 times
  • The average score is 5 of 7
Answer Stats
Answer % Correct
Daman and Diu
90%
Andaman and Nicobar Islands
80%
National Capital Territory of Delhi
80%
Puducherry
70%
Chandigarh
61%
Lakshadweep
60%
Dadra and Nagar Haveli
41%
No matching quizzes found
Score Distribution
Percent of People with Each Score
Percentile by Number Answered
Your Score History
You have not taken this quiz